Central Library OPAC University of Rajshahi

Living Zen / (Record no. 57079)

MARC details
000 -LEADER
fixed length control field 00936nam a2200289 a 4500
001 - CONTROL NUMBER
control field 57079
003 - CONTROL NUMBER IDENTIFIER
rucl marc code BD-RjUL
005 - DATE AND TIME OF LATEST TRANSACTION
control field 20211209080451.0
008 - FIXED-LENGTH DATA ELEMENTS--GENERAL INFORMATION
fixed length control field 161205s1958 nyua b 000 0 eng
035 ## - SYSTEM CONTROL NUMBER
System control number (BD-RjUL)57203
System control number (OCoLC)779714
040 ## - CATALOGING SOURCE
Original cataloging agency DLC
Transcribing agency OKentU
Modifying agency OCoLC
Language of cataloging eng
041 1# - LANGUAGE CODE
Language code of text/sound track or separate title engfre
082 ## - DEWEY DECIMAL CLASSIFICATION NUMBER
Classification number 294.3927
Edition number 23
Author mark and year LIL 1958
100 1# - MAIN ENTRY--PERSONAL NAME
Personal name Linssen, Robert.
9 (RLIN) 169565
245 10 - TITLE STATEMENT
Title Living Zen /
Statement of responsibility, etc. Pref. by Christmas Humphreys. Foreword by R. Godel. Translated by Diana Abrahams-Curiel.
250 ## - EDITION STATEMENT
Edition statement 1st Evergreen ed.
260 ## - PUBLICATION, DISTRIBUTION, ETC. (IMPRINT)
Place of publication, distribution, etc. New Yorkm :
Name of publisher, distributor, etc. Grove Press,
Date of publication, distribution, etc. c1958
300 ## - PHYSICAL DESCRIPTION
Pagination 348 p. :
Illustrations illus. ;
Size 21 cm.
490 0# - SERIES STATEMENT
Series statement An Evergreen book,
Volume/sequential designation E-203
500 ## - GENERAL NOTE
General note Translation of Essais sur le Bouddhisme en général et sur le Zen en particulier.
504 ## - BIBLIOGRAPHY, ETC. NOTE
Bibliography, etc Includes bibliography.
650 #0 - SUBJECT ADDED ENTRY--TOPICAL TERM
Topical term or geographic name as entry element Zen Buddhism.
9 (RLIN) 169566
Topical term or geographic name as entry element Buddhism.
9 (RLIN) 169567
942 ## - ADDED ENTRY ELEMENTS (KOHA)
Source of classification or shelving scheme Dewey Decimal Classification
Koha item type Books
Holdings
Lost status Source of classification or shelving scheme Damaged status Not for loan Collection code Permanent Location Current Location Shelving location Date acquired Source of acquisition Cost, normal purchase price Total Checkouts Full call number Date last seen Copy number Koha item type
  Dewey Decimal Classification   Not For Loan Non-fiction Central Library, University of Rajshahi Central Library, University of Rajshahi Reading Room 13/05/1968 Books view, Dhaka 22.50   297.3927 LIL 1958 05/12/2016 C-1 Books